00349nam a22001577a 450000500170000001000150001702000260003203500140005803700090007208200080008110000200008924500500010925000060015926000090016530000170017420240911125643.0 aENG-140116 c250.00a9788194998501 aEN-123648 bDBAD a881 aGhoshal, Aishee aPoems From Sisyphus' Rock/cBy Aishee Ghoshal a1 c2021 a78p.c22(hb)